000 00593nam a22002177a 4500
003 UA-OsUOA
001 100549
007 ta
008 20130528b un ||||| |||| 00| 0 ukr d
100 _aТолочко П.П.
090 _a902
_bТ52
942 _cSA
040 _aUA-OsUOA
_bukr
_cUA-OsUOA
_dUA-OsUOA
245 _aВитоки давньоруської державності
300 _aС.7-16
955 _a0
041 _aukr
080 _a902
773 0 _w100548
_tАрхеологія
_dК.
_d2013
_g1
650 7 _a9 Географія. Біографії. Історія
_2UDC
999 _c387195
_d387195